000 00524cam6a220018100 4500
001 tmp15950813
003 UPRA
005 20190830104618.0
008 951115s1983 stk eng u
035 _a(Sirsi) r25727
035 _a(UPRA)tmp15950813
040 _cUPRA
100 1 _aPark, R. G. (R. Graham)
_qPark, R. G. (R. Graham)
_6A89221.1
245 1 0 _aFoundations of structural geology.
260 _aGlasgow :
_bBlackie,
_c1983.
949 _aQE601
_wlcc
_i33729000333018
_mMAIN
_p2500
_tBOOK
_lON-SHELF
004 25727
999 _c186166
_d186166